|
|
แสดงรายละเอียดบรรณานุกรม |
|
|
Brief Record
: Get Marc (ISO 2709)
: E-mail record
: |
|
|
| LEADER 00000nama 2200000uu 4500 | |||
| 008 040531s|||| th m m a000 0 tha d | |||
| 041 tha | |||
| 050 VCD 000026 | |||
| 100 สำนักวิจัยสังคมและสุขภาพ. | |||
| 245 ทุกข์คนไทย : สารคดีจากงานวิจัย 15 กรณีศึกษาว่าด้วยความทุกข์จากระบบบริการสาธารณสุขของรัฐ / สำนักวิจัยสังคมและสุขภาพ. | |||
| 260 นนทบุรี. สำนัก. | |||
| 300 1 แผ่น. | |||
| 650 ปัญหาสังคม--ไทย--วิจัย. | |||
| 995 200 | |||
| 999 ^aใช้งานได้ทุกระบบ | |||
| คุณยังไม่ได้ล็อกอิน คุณสามารถมีกิจกรรมร่วมกับเว็บไซต์ได้ แต่ต้องล็อกอินก่อน :: |
|
| สถานะ | |||||||||
| 1. | สื่อวีดิทัศน์ | VCD 000026 | On Shelf ขอยืม | ||||||
| [แสดง 1/1 รายการ] | |||||||||
| รายการใกล้เคียง ผู้แต่ง [สำนักวิจัยสังคมและสุขภาพ.] |
BibComment |
| คอมเมนท์ทรัพยากรรายการนี้ |
|
|